000 00574nam a2200181Ia 4500
008 100920s9999 xx 000 0 und d
082 _b105748
_a891.464 न 09
100 _aगोविए फ्रान्स्वा.
245 _aआनंदाचे गुरु.
260 _bसाकेत,औरंगाबाद.
_c2009
300 _a200
_bसाधी
365 _b180
520 _aनिबंध.
630 _aआनंदाचे गुरु.
650 _aनिबंध.
730 _aआनंदाचे गुरु.
942 _cBOOK
999 _c746179
_d746176